Language Quiz

Random Language or Puzzle Quiz

Mixed Word Labyrinth (Animals) Quiz Stats

Quiz Updated Sep 28, 2012

Challenge
Share
Tweet
Embed
Score 0/192 Timer 07:00
5 Plays Today
% Correct
WCO
99.9%
FINISH
99.8%
0~O~0~O~0~O~0
98.2%
0~O~0~O~0~O~0
98.2%
OGD
98.1%
GPI
98.1%
cow
98.1%
0~O~0~O~0~O~0
97.5%
0~O~0~O~0~O~0
97.5%
NGU
97.4%
pig
97.3%
WEE
96.7%
dog
96.6%
0~O~0~O~0~O~0
96.1%
0~O~0~O~0~O~0
96.1%
BARC
95.7%
ewe
95.4%
0~O~0~O~0~O~0
95.2%
0~O~0~O~0~O~0
95.2%
KMNI
95.1%
GORF
95%
WANS
94.9%
0~O~0~O~0~O~0
94.8%
0~O~0~O~0~O~0
94.8%
UGLS
94.8%
swan
94.4%
GRIET
94.4%
WHAK
94.2%
EDRE
94.1%
TOGA
94.1%
0~O~0~O~0~O~0
94.1%
0~O~0~O~0~O~0
94.1%
OLIN
94%
slug
94%
0~O~0~O~0~O~0
93.6%
0~O~0~O~0~O~0
93.6%
CARO
93.5%
0~O~0~O~0~O~0
93.5%
0~O~0~O~0~O~0
93.5%
deer
92.2%
DATO
92.1%
frog
91.8%
crab
91.7%
hawk
91.4%
goat
91.2%
DAANP
90.6%
0~O~0~O~0~O~0
90.3%
0~O~0~O~0~O~0
90.3%
TANG
90.3%
gnu
90.2%
KRASH
90.2%
tiger
90%
RABE
89.9%
toad
89.9%
BARCO
89.5%
0~O~0~O~0~O~0
89.5%
0~O~0~O~0~O~0
89.5%
mink
88.8%
AUNT
88.8%
VEDO
88.4%
0~O~0~O~0~O~0
88.4%
0~O~0~O~0~O~0
88.4%
0~O~0~O~0~O~0
87.4%
0~O~0~O~0~O~0
87.4%
% Correct
panda
87.1%
lion
87%
HEWLA
86.7%
gnat
86.2%
shark
86%
dove
85.4%
GOIND
84.1%
bear
83.2%
SHORE
83.1%
RUMLE
82.6%
tuna
82.3%
ALGEE
81.7%
whale
81.6%
0~O~0~O~0~O~0
81.3%
0~O~0~O~0~O~0
81.3%
horse
79.9%
YAHNE
78.8%
SOMEO
76.9%
LEMAC
76.8%
lemur
76.7%
COGEK
76.5%
orca
74.8%
0~O~0~O~0~O~0
74.8%
0~O~0~O~0~O~0
74.8%
0~O~0~O~0~O~0
73.8%
0~O~0~O~0~O~0
73.8%
camel
73.7%
NABOBO
73.5%
0~O~0~O~0~O~0
73.3%
0~O~0~O~0~O~0
73.3%
eagle
73.2%
LOKAA
72.8%
cobra
72.4%
TROTE
72.2%
moose
72%
koala
70.5%
dingo
70.3%
STOREY
70.1%
baboon
69.4%
gecko
66.9%
0~O~0~O~0~O~0
63.8%
0~O~0~O~0~O~0
63.8%
0~O~0~O~0~O~0
63.3%
0~O~0~O~0~O~0
63.3%
otter
63.3%
DIQUS
63.3%
squid
63%
hyena
59.1%
PHRISM
42.5%
0~O~0~O~0~O~0
41.6%
0~O~0~O~0~O~0
41.6%
GRUOCA
41.1%
LUTTER
40.3%
oyster
40.2%
CRUNIH
40%
shrimp
39.9%
0~O~0~O~0~O~0
39.9%
0~O~0~O~0~O~0
39.9%
GARBED
37.5%
turtle
36.2%
0~O~0~O~0~O~0
34.7%
0~O~0~O~0~O~0
34.7%
COOTLE
33.2%
cougar
31.9%
% Correct
0~O~0~O~0~O~0
30.2%
0~O~0~O~0~O~0
30.2%
SWURAL
30%
YOOCET
29.6%
NIAUGA
28.9%
0~O~0~O~0~O~0
28.6%
0~O~0~O~0~O~0
28.6%
REFERT
28.1%
KOYMEN
27.6%
0~O~0~O~0~O~0
27.4%
0~O~0~O~0~O~0
27.4%
iguana
27.4%
BITBAR
27.3%
PHLOIND
27.3%
0~O~0~O~0~O~0
27.1%
0~O~0~O~0~O~0
27.1%
monkey
27%
CORNACO
26.9%
badger
26.9%
walrus
26.7%
ferret
26.4%
HOPNYT
26.4%
0~O~0~O~0~O~0
26.3%
0~O~0~O~0~O~0
26.3%
0~O~0~O~0~O~0
26%
0~O~0~O~0~O~0
26%
rabbit
25.9%
urchin
25.4%
LAAMPI
25.4%
dolphin
25.4%
coyote
25.2%
0~O~0~O~0~O~0
25.1%
0~O~0~O~0~O~0
25.1%
THEACHE
25.1%
TUSCOOP
24.9%
ATSUPPLY
24.4%
HENICCK
24.3%
chicken
23.7%
0~O~0~O~0~O~0
23.6%
0~O~0~O~0~O~0
23.6%
LIQUERRS
23.5%
SPPEIROO
23.3%
squirrel
23.2%
0~O~0~O~0~O~0
23%
0~O~0~O~0~O~0
23%
DROAPLE
22.6%
cheetah
22.3%
raccoon
22.1%
ACOUNT
22%
ocelot
22%
GOORNAAK
21.1%
python
20.1%
kangaroo
19.8%
impala
19.7%
octopus
18.9%
leopard
18.7%
platypus
18.7%
SOLARBATS
16.3%
porpoise
16.3%
toucan
14.9%
CORNIHORSE
10%
albatross
10%
GOOD WORK
8.2%
rhinoceros
8%

You're not logged in!

Compare scores with friends on all Sporcle quizzes.
Join for Free
OR
Log In

You Might Also Like...

Show Comments

Extras

Top Quizzes Today


Score Distribution

Your Account Isn't Verified!

In order to create a playlist on Sporcle, you need to verify the email address you used during registration. Go to your Sporcle Settings to finish the process.

Report this User

Report this user for behavior that violates our Community Guidelines.

Details: